00340 a2200109 4500001000900000005001700009008004100026245004200067100002800109773007600137999001700213ART_784620260410161832.0260409a 10aCálculo de los reajustes de precios1 aPérez, Carlos Alberto0 tContabilidad y administracióng- Año 2, Nº 18 (dic. 1978)wREV5485 c23286d23286